Vista normal Vista MARC

Entrada Materia (personas)

Número de registros utilizados en: 1

001 - CONTROL NUMBER

  • control field: 62484

003 - CONTROL NUMBER IDENTIFIER

  • control field: Co-BoUCM

005 - DATE AND TIME OF LATEST TRANSACTION

  • control field: 20140616074150.0

008 - FIXED-LENGTH DATA ELEMENTS

  • fixed length control field: 140616|| aca||aabn | a|a d

040 ## - CATALOGING SOURCE

  • Original cataloging agency: Co-BoUCM
  • Transcribing agency: Co-BoUCM

100 ## - HEADING--PERSONAL NAME

  • Personal name: Moya Chavez, Sindy

670 ## - SOURCE DATA FOUND

  • Source citation: Work cat.: (Co-BoUCM)273604: Reflexiones sobre Lengua, Etnia y Educación, 2014